Software paradigms /

Bibliographic Details
Main Author: Kaisler, Stephen H. (Stephen Hendrick)
Format: Book
Language:English
Published: Hoboken, N.J. : Wiley-Interscience, [2005]
Subjects:
Online Access:Table of contents

MARC

Tag First Indicator Second Indicator Subfields
LEADER 00000cam a22000004a 4500
001 in00002052285
005 20151101064810.0
008 040326s2005 njua b 001 0 eng
010 |a  2004007134 
020 |a 0471483478 
035 |a (OCoLC)ocm54826081 
040 |a DLC  |c DLC  |d TXA  |d UtOrBLW 
042 |a pcc 
049 |a TXAM 
050 0 0 |a QA76.76.D47  |b K34 2005 
082 0 0 |a 005.3  |2 22 
100 1 |a Kaisler, Stephen H.  |q (Stephen Hendrick) 
245 1 0 |a Software paradigms /  |c Stephen H. Kaisler. 
264 1 |a Hoboken, N.J. :  |b Wiley-Interscience,  |c [2005] 
264 4 |c ©2005 
300 |a xv, 440 pages :  |b illustrations ;  |c 25 cm. 
336 |a text  |b txt  |2 rdacontent 
337 |a unmediated  |b n  |2 rdamedia 
338 |a volume  |b nc  |2 rdacarrier 
504 |a Includes bibliographical references (pages 413-426) and index. 
650 0 |a Computer software  |x Development. 
856 4 1 |3 Table of contents  |u http://www.loc.gov/catdir/toc/ecip0416/2004007134.html  |t 0 
948 |a cataloged  |b h  |c 2005/5/15  |d c  |e ceaton  |f 3:56:03 pm 
994 |a C0  |b TXA 
999 |a MARS 
999 f f |s b33918c4-afc6-3139-9c7d-b563fbb74bac  |i e2da8769-a44e-38c6-8528-9d5adb4a3d7f  |t 0 
952 f f |p normal  |a Texas A&M University  |b College Station  |c Sterling C. Evans Library  |d Evans: Library Stacks  |t 0  |e QA76.76.D47 K34 2005  |h Library of Congress classification  |i unmediated -- volume  |m A14833774512 
998 f f |a QA76.76.D47 K34 2005  |t 0  |l Evans: Library Stacks